Quick-and-easy learning games: Phonics (grades 1-3) / (Record no. 105074)
[ view plain ]
| 000 -LEADER | |
|---|---|
| fixed length control field | 00607nam a2200181 a 4500 |
| 005 - DATE AND TIME OF LATEST TRANSACTION | |
| control field | 20140412111338.0 |
| 008 - FIXED-LENGTH DATA ELEMENTS--GENERAL INFORMATION | |
| fixed length control field | 031007s19uu xx 00 eng d |
| 020 ## - INTERNATIONAL STANDARD BOOK NUMBER | |
| International Standard Book Number | 0-590-96380-5 |
| 050 ## - LIBRARY OF CONGRESS CALL NUMBER | |
| Classification number | TR(GS 372.414 |
| Item number | B56 1996 |
| 100 ## - MAIN ENTRY--PERSONAL NAME | |
| Personal name | Blevins, Wiley |
| 245 ## - TITLE STATEMENT | |
| Title | Quick-and-easy learning games: Phonics (grades 1-3) / |
| Statement of responsibility, etc | by Wiley Blevins. |
| 260 ## - PUBLICATION, DISTRIBUTION, ETC. (IMPRINT) | |
| Place of publication, distribution, etc | Jefferson City, MO : |
| Name of publisher, distributor, etc | Scholastic Professional Books, |
| Date of publication, distribution, etc | 1996. |
| 300 ## - PHYSICAL DESCRIPTION | |
| Extent | 48 p. ; ill. |
| 650 ## - SUBJECT ADDED ENTRY--TOPICAL TERM | |
| Topical term or geographic name as entry element | Phonics--Study and teaching |
| 650 ## - SUBJECT ADDED ENTRY--TOPICAL TERM | |
| Topical term or geographic name as entry element | Phonics activities--Juvenile literature |
| 650 ## - SUBJECT ADDED ENTRY--TOPICAL TERM | |
| Topical term or geographic name as entry element | Readiness & methods of instruction |
| Withdrawn status | Lost status | Damaged status | Use restrictions | Home library | Current library | Shelving location | Date acquired | Source of acquisition | Cost, normal purchase price | Total Checkouts | Full call number | Barcode | Date last seen | Price effective from | Koha item type |
|---|---|---|---|---|---|---|---|---|---|---|---|---|---|---|---|
| Elizalde Library | Elizalde Library | Teachers Reference Section | 10/07/2003 | 340.00 | TR(GS 372.414 B56 1996 | E9378 | 04/12/2014 | 04/12/2014 | Books |